00616 2200193 4500001002100000005001500021035002400036084002000060090002000080100001700100245009200117260006300209300004700272500003000319504001400349650002700363850001200390990002000402YOGYA00000000000243920140822161654 0010-051300000000414 aSK 362.11 Puj A aSK 362.11 Puj A aPuji Lestari aAnalisis kualitas jasa pada Rumah Sakit Umum Daerah Kotamadya Yogyakarta / Puji Lestari aYogyakartabSekolah Tinggi Ilmu Ekonomi Widya Wiwanac2002 aXII, 64, (10) lbr. : Ilus. , lamp. ; 30 cm aSkripsi STIE Widya Wiwaha a(lbr. 65) aRumah sakit, pelayanan aYOPDYOG a44978 - PD/A.12